AD Scrabble Words 8 and Under - Statistics

General Stats
  • This quiz has been taken 59 times
    18 since last reset
  • The average score is 49 of 153
Answer Stats
Answer % Correct
Ad
100%
Add
100%
Ado
89%
Adore
89%
Adamant
78%
Adapt
78%
Adept
78%
Adopt
78%
Adorable
78%
Adorn
78%
Advert
78%
Adage
67%
Adapter
67%
Adder
67%
Addle
67%
Adopter
67%
Adoption
67%
Advance
67%
Advent
67%
Adagio
56%
Addict
56%
Addition
56%
Adios
56%
Admin
56%
Admire
56%
Adorer
56%
Adverse
56%
Advocaat
56%
Advocate
56%
Adaptive
44%
Addend
44%
Addendum
44%
Additive
44%
Address
44%
Adduce
44%
Adhere
44%
Adieu
44%
Adjourn
44%
Adjust
44%
Adoptee
44%
Adorner
44%
Adrenal
44%
Adroit
44%
Adult
44%
Advancer
44%
Adverb
44%
Advise
44%
Adz
44%
Adze
44%
Adaption
33%
Adaptor
33%
Adducer
33%
Adduct
33%
Adductor
33%
Adenoid
33%
Adeptly
33%
Adequate
33%
Adherer
33%
Adhesion
33%
Adhesive
33%
Adjacent
33%
Adjunct
33%
Adjure
33%
Adjurer
33%
Adjuror
33%
Adjuster
33%
Adman
33%
Admiral
33%
Admirer
33%
Admonish
33%
Adobe
33%
Adoptive
33%
Adrift
33%
Adulate
33%
Advice
33%
Adviser
33%
Advisor
33%
Addax
22%
Addible
22%
Adducent
22%
Adherend
22%
Adherent
22%
Adipic
22%
Adipose
22%
Adit
22%
Adjoin
22%
Adjoint
22%
Adjustor
22%
Adjutant
22%
Admit
22%
Admittee
22%
Admitter
22%
Admix
22%
Adonis
22%
Adulator
22%
Adultery
22%
Adultly
22%
Adumbral
22%
Advisee
22%
Advisory
22%
Advocacy
22%
Adamance
11%
Adamancy
11%
Adamsite
11%
Adbot
11%
Addable
11%
Addedly
11%
Addenda
11%
Additory
11%
Adeem
11%
Adelgid
11%
Adenine
11%
Adenitis
11%
Adenosis
11%
Adenyl
11%
Adequacy
11%
Adhibit
11%
Adiposis
11%
Adipous
11%
Adjudge
11%
Adjuvant
11%
Adland
11%
Admass
11%
Adnate
11%
Adnation
11%
Adnexa
11%
Adnexal
11%
Adnoun
11%
Adobo
11%
Adorbs
11%
Adoze
11%
Adroitly
11%
Adsorb
11%
Adsorber
11%
Adsuki
11%
Adularia
11%
Adunc
11%
Aduncate
11%
Aduncous
11%
Advect
11%
Advowson
11%
Adwoman
11%
Adynamia
11%
Adynamic
11%
Adyta
11%
Adytum
11%
Adzuki
11%
Adaxial
0%
Adenoma
0%
Adown
0%
Adscript
0%
Adust
0%
Adware
0%
No matching quizzes found
Score Distribution
Percent of People with Each Score
Percentile by Number Answered
Your Score History
You have not taken this quiz since the last reset